Disciplinary Conquest (Record no. 61912)

MARC details
000 -LEADER
fixed length control field 01671nam a2200229Ii 4500
008 - FIXED-LENGTH DATA ELEMENTS--GENERAL INFORMATION
fixed length control field 221202s xx 000 0 und d
100 1# - MAIN ENTRY--PERSONAL NAME
Personal name Salvatore, Ricardo,
Relator term author
245 #0 - TITLE STATEMENT
Title Disciplinary Conquest
264 #1 - PRODUCTION, PUBLICATION, DISTRIBUTION, MANUFACTURE, AND COPYRIGHT NOTICE
Place of production, publication, distribution, manufacture Durham, NC
Name of producer, publisher, distributor, manufacturer Duke University Press
Date of production, publication, distribution, manufacture, or copyright notice 2016
300 ## - PHYSICAL DESCRIPTION
Extent 1 online resource
336 ## - CONTENT TYPE
Content type term text
Content type code txt
Source rdacontent
337 ## - MEDIA TYPE
Media type term computer
Media type code c
Source rdamedia
338 ## - CARRIER TYPE
Carrier type term online resource
Carrier type code cr
Source rdacarrier
520 ## - SUMMARY, ETC.
Summary, etc. In DISCIPLINARY CONQUEST, Ricardo Salvatore argues that the foundation of the discipline of Latin American studies, pioneered between 1900 and 1945, was linked to the United States’s business and financial interests and informal imperialism. In contrast, the consolidation of Latin American studies has traditionally been placed in the 1960s, as a reaction to the Cuban Revolution. Focusing on five representative U.S. scholars of South America—historian Clarence Haring, geographer Isaiah Bowman, political scientist Leo Rowe, sociologist Edward Ross, and archaeologist Hiram Bingham -- Salvatore demonstrates how their search for comprehensive knowledge about South America can be understood as a contribution to hemispheric hegemony, an intellectual conquest of the region. U.S. economic leaders, diplomats, and foreign-policy experts needed knowledge about the region to expand investment and trade, as well as the U.S.’s international influence
653 ## - INDEX TERM--UNCONTROLLED
Uncontrolled term Anthropology
653 ## - INDEX TERM--UNCONTROLLED
Uncontrolled term Anthropology
653 ## - INDEX TERM--UNCONTROLLED
Uncontrolled term Anthropology
653 ## - INDEX TERM--UNCONTROLLED
Uncontrolled term Anthropology
653 ## - INDEX TERM--UNCONTROLLED
Uncontrolled term Argentina
856 ## - ELECTRONIC LOCATION AND ACCESS
Uniform Resource Identifier <a href="https://library.oapen.org/bitstream/20.500.12657/30113/1/649987.pdfhttp://library.oapen.org/handle/20.500.12657/30113">https://library.oapen.org/bitstream/20.500.12657/30113/1/649987.pdfhttp://library.oapen.org/handle/20.500.12657/30113</a>
942 ## - ADDED ENTRY ELEMENTS (KOHA)
Koha item type E-Book
Holdings
Withdrawn status Damaged status Not for loan Home library Current library Date acquired Total Checkouts Date last seen Price effective from Koha item type
      Directory of Open Access Books Directory of Open Access Books 11/28/2022   11/28/2022 11/28/2022 E-Book

University of Rizal System
Email us at univlibservices@urs.edu.ph

Visit our Website www.urs.edu.ph/library